| 000 | 00541nam a2200181Ia 4500 | ||
|---|---|---|---|
| 003 | GCL | ||
| 008 | 140319s9999 xx 000 0 ara d | ||
| 040 |
_aGCL / _cGCL |
||
| 082 | 0 | 4 |
_aد _b301.05 _bم ك |
| 100 | 1 | _aمحمد الجوهرى | |
| 245 | 1 | 0 |
_aالكتاب السنوى لعلم الاجتماع / _cمحمد الجوهرى |
| 260 |
_a[S.N] : _bدار المعارف ، _c1983 |
||
| 300 | _a4 اعداد | ||
| 650 | 0 | 4 | _aالاجتماع |
| 650 | 0 | 4 | _aالكتب السنوية |
| 650 | 0 | 4 | _aالدوريات |
| 942 |
_2ddc _cCF |
||
| 999 |
_c27436 _d27436 |
||